[Event "RM-2020-0-00204"]
[Site "LSS email"]
[Date "2020.03.31"]
[Round "?"]
[White "Bubnov, Vladimir"]
[Black "Kahl, Fred"]
[Result "1/2-1/2"]
[WhiteElo "2268"]
[BlackElo "2375"]
[PlyCount "84"]
[EventDate "2020.02.22"]
[EventType "tourn (corr)"]
[EventRounds "6"]
[EventCountry "GER"]
[SourceTitle "Corr 2022"]
[Source "ChessBase"]
[SourceDate "2021.10.24"]
[SourceVersion "1"]
[SourceVersionDate "2021.10.24"]
[SourceQuality "1"]

1. e4 c5 2. Nf3 d6 3. Bb5+ Nd7 4. d4 cxd4 5. Qxd4 a6 6. Be2 Ngf6 7. 0-0 e5 8. Qe3 Nc5 9. Nfd2 Be7 10. c4 0-0 11. Nc3 h6 12. Nb3 Ne6 13. Rd1 a5 14. a4 b6 15. Qg3 Nd7 16. Bg4 Bh4 17. Qe3 Ndc5 18. Nxc5 bxc5 19. Bxe6 Bxe6 20. b3 f5 21. Ra2 Ra6 22. Nb5 Qe7 23. f3 Kh7 24. Bd2 fxe4 25. Be1 Bf5 26. fxe4 Bg5 27. Qe2 Bg6 28. Bg3 Rb6 29. Rb2 Rbb8 30. Qe1 Rbd8 31. Rd3 Rd7 32. Re2 Qd8 33. h3 h5 34. Rf2 Bf4 35. Bxf4 Rxf4 36. Rxf4 exf4 37. Nc3 Qe7 38. Qd2 Bxe4 39. Nxe4 Qxe4 40. Rf3 g5 41. h4 Rg7 42. Qxd6 gxh4 1/2-1/2

[Event "RM-2020-0-00204"]
[Site "LSS email"]
[Date "2020.03.31"]
[Round "?"]
[White "Bubnov, Vladimir"]
[Black "Sorcinelli, Andrea"]
[Result "1-0"]
[WhiteElo "2268"]
[BlackElo "2275"]
[PlyCount "118"]
[EventDate "2020.02.22"]
[EventType "tourn (corr)"]
[EventRounds "6"]
[EventCountry "GER"]
[SourceTitle "Corr 2022"]
[Source "ChessBase"]
[SourceDate "2021.10.24"]
[SourceVersion "1"]
[SourceVersionDate "2021.10.24"]
[SourceQuality "1"]

1. e4 c5 2. Nf3 e6 3. d4 cxd4 4. Nxd4 Qb6 5. Nb3 Qc7 6. Bd3 a6 7. 0-0 Nf6 8. f4 d6 9. c4 Be7 10. Be3 Nc6 11. Nc3 0-0 12. Rc1 Qd8 13. a3 a5 14. Kh1 b6 15. Nd2 Nd7 16. Nf3 Ba6 17. Qe2 Qc7 18. Nb5 Qb7 19. Rcd1 Rad8 20. Bc2 Nc5 21. b3 Rfe8 22. Rfe1 h6 23. h3 Qb8 24. Nc3 Nd7 25. Bf2 Qc7 26. Nb5 Bxb5 27. cxb5 Ncb8 28. Rc1 Qa7 29. a4 Rc8 30. Rf1 Nf8 31. Bg1 Qb7 32. e5 Nbd7 33. Qd3 dxe5 34. fxe5 Ng6 35. Qe2 Nf4 36. Qe3 Nh5 37. Bh2 Ba3 38. Nd2 Bxc1 39. Rxc1 f5 40. Nc4 f4 41. Qe2 Ng3+ 42. Bxg3 fxg3 43. Nd6 Qb8 44. Nxe8 Rxe8 45. Qd3 Nf8 46. Qxg3 Rc8 47. Qf2 Nd7 48. Qd4 Nxe5 49. Qe3 Kf7 50. Rf1+ Ke7 51. Qe4 Qc7 52. Qf4 Rd8 53. Be4 Qd6 54. Qh4+ Kd7 55. Qg3 g5 56. Qf2 g4 57. hxg4 Kc7 58. Qf6 Rd7 59. Bf3 Nxf3 1-0

[Event "RM-2020-0-00204"]
[Site "LSS email"]
[Date "2020.03.30"]
[Round "?"]
[White "Willmann, Bernd"]
[Black "Bubnov, Vladimir"]
[Result "1/2-1/2"]
[WhiteElo "2357"]
[BlackElo "2268"]
[PlyCount "48"]
[EventDate "2020.02.22"]
[EventType "tourn (corr)"]
[EventRounds "6"]
[EventCountry "GER"]
[SourceTitle "Corr 2022"]
[Source "ChessBase"]
[SourceDate "2021.10.24"]
[SourceVersion "1"]
[SourceVersionDate "2021.10.24"]
[SourceQuality "1"]

1. e4 e5 2. Nf3 Nc6 3. Bc4 Bc5 4. c3 Nf6 5. d3 d6 6. 0-0 0-0 7. h3 h6 8. Re1 a6 9. Bb3 Re8 10. Nbd2 Be6 11. Bxe6 Rxe6 12. b4 Ba7 13. Qc2 d5 14. Nb3 d4 15. cxd4 Nxd4 16. Nbxd4 Bxd4 17. Nxd4 Qxd4 18. Be3 Qd7 19. Red1 Rc6 20. Qb2 Rd6 21. Qxe5 Re8 22. Qf5 Qxf5 23. exf5 Nd5 24. Bd2 Red8 1/2-1/2

[Event "RA-2019-0-00627"]
[Site "LSS email"]
[Date "2019.07.02"]
[Round "?"]
[White "Bubnov, Vladimir"]
[Black "Sorcinelli, Andrea"]
[Result "1/2-1/2"]
[WhiteElo "2273"]
[BlackElo "2080"]
[PlyCount "102"]
[EventDate "2019.05.09"]
[EventType "tourn (corr)"]
[EventRounds "6"]
[EventCountry "GER"]
[SourceTitle "Corr 2022"]
[Source "ChessBase"]
[SourceDate "2021.10.24"]
[SourceVersion "1"]
[SourceVersionDate "2021.10.24"]
[SourceQuality "1"]

1. d4 Nf6 2. c4 e6 3. Nf3 b6 4. g3 Bb7 5. Bg2 Bb4+ 6. Bd2 Bxd2+ 7. Qxd2 0-0 8. Nc3 Ne4 9. Qd3 Nxc3 10. Ng5 Ne4 11. Nxe4 d5 12. cxd5 Bxd5 13. 0-0 Qe7 14. Rfd1 Rd8 15. h4 h6 16. Nc3 Bxg2 17. Kxg2 Nd7 18. Qf3 c5 19. dxc5 Nxc5 20. Nb5 a5 21. Nd6 Rab8 22. Nc4 Qc7 23. Qf4 Qxf4 24. gxf4 Rd5 25. Rxd5 exd5 26. Ne5 Na4 27. Nc6 Re8 28. b3 Nc3 29. e3 Kf8 30. Nd4 Rc8 31. f3 a4 32. Kf1 a3 33. Ke1 Rc5 34. Kd2 Ke7 35. h5 Kf6 36. Nc2 Nb5 37. Rh1 Ke7 38. Nb4 Kf8 39. Nc2 Ke7 40. Nb4 Kf8 41. Nd3 Rc6 42. Rg1 Rc7 43. Nb4 Rc5 44. Nd3 Rc7 45. Ra1 Ke7 46. Rh1 Ke8 47. Ne1 d4 48. e4 f5 49. Nc2 fxe4 50. fxe4 Nc3 51. Re1 Nxa2 1/2-1/2

[Event "RA-2019-0-00625"]
[Site "LSS email"]
[Date "2019.05.25"]
[Round "?"]
[White "Bubnov, Vladimir"]
[Black "Sorcinelli, Andrea"]
[Result "1/2-1/2"]
[WhiteElo "2269"]
[BlackElo "2039"]
[PlyCount "60"]
[EventDate "2019.04.07"]
[EventType "tourn (corr)"]
[EventRounds "6"]
[EventCountry "GER"]
[SourceTitle "Corr 2022"]
[Source "ChessBase"]
[SourceDate "2021.10.24"]
[SourceVersion "1"]
[SourceVersionDate "2021.10.24"]
[SourceQuality "1"]

1. d4 d5 2. Bf4 Nf6 3. e3 c5 4. Nc3 cxd4 5. exd4 a6 6. Nf3 Nc6 7. Ne5 Bd7 8. a3 e6 9. Be2 Qb6 10. Be3 Bd6 11. 0-0 0-0 12. Bd3 Rac8 13. Nxd7 Nxd7 14. Qf3 g6 15. Ne2 Rfe8 16. c3 Na5 17. Rab1 Nc4 18. Bg5 Qc6 19. Qh3 Bf8 20. Rfd1 b5 21. Qh4 Bg7 22. h3 a5 23. Bf4 Qb6 24. Bc2 Bf6 25. Qg4 Bg7 26. Qg3 Nf6 27. Qf3 Qc6 28. Bd3 Ne4 29. Ng3 Ned6 30. Ne2 Ne4 1/2-1/2

[Event "RA-2019-0-00625"]
[Site "LSS email"]
[Date "2019.05.25"]
[Round "?"]
[White "Bubnov, Vladimir"]
[Black "Urbaniak, Marcin"]
[Result "1/2-1/2"]
[WhiteElo "2269"]
[BlackElo "2055"]
[PlyCount "94"]
[EventDate "2019.04.07"]
[EventType "tourn (corr)"]
[EventRounds "6"]
[EventCountry "GER"]
[SourceTitle "Corr 2022"]
[Source "ChessBase"]
[SourceDate "2021.10.24"]
[SourceVersion "1"]
[SourceVersionDate "2021.10.24"]
[SourceQuality "1"]

1. d4 Nf6 2. Bf4 c5 3. d5 Qb6 4. Nc3 Qxb2 5. Bd2 Qb6 6. e4 d6 7. f4 e5 8. f5 Qd8 9. Nh3 Na6 10. Bc4 Nc7 11. 0-0 Be7 12. a4 b6 13. Qf3 Ba6 14. Bxa6 Nxa6 15. Nf2 Nc7 16. Nb5 0-0 17. Nxc7 Qxc7 18. g4 h6 19. g5 hxg5 20. Kh1 Rfb8 21. Rg1 Kf8 22. Rxg5 Ng8 23. Rh5 Bf6 24. Ng4 Ke7 25. h4 a6 26. Rh7 Rf8 27. h5 Qd8 28. h6 gxh6 29. Bxh6 Nxh6 30. Nxh6 Bg5 31. f6+ Ke8 32. Nxf7 Rxf7 33. Rxf7 Kxf7 34. Qh5+ Kxf6 35. Rf1+ Bf4 36. Qf5+ Ke7 37. Qh7+ Ke8 38. Rg1 Bg5 39. Qh5+ Kd7 40. Rxg5 Qh8 41. Kg2 Qxh5 42. Rxh5 Rf8 43. Rh7+ Kc8 44. Rh6 Kc7 45. Rh7+ Kc8 46. Rh6 Kc7 47. Rh7+ Kc8 1/2-1/2

[Event "RA-2019-0-00625"]
[Site "LSS email"]
[Date "2019.05.25"]
[Round "?"]
[White "Susla, Vitaliy"]
[Black "Bubnov, Vladimir"]
[Result "1/2-1/2"]
[WhiteElo "2311"]
[BlackElo "2269"]
[PlyCount "62"]
[EventDate "2019.04.07"]
[EventType "tourn (corr)"]
[EventRounds "6"]
[EventCountry "GER"]
[SourceTitle "Corr 2022"]
[Source "ChessBase"]
[SourceDate "2021.10.24"]
[SourceVersion "1"]
[SourceVersionDate "2021.10.24"]
[SourceQuality "1"]

1. d4 Nf6 2. c4 e6 3. Nf3 d5 4. Nc3 c6 5. Bg5 h6 6. Bxf6 Qxf6 7. e3 Nd7 8. Qc2 g6 9. Be2 Bg7 10. a4 a5 11. 0-0 0-0 12. Rac1 Qe7 13. Rfe1 dxc4 14. Bxc4 Rd8 15. Red1 Nb6 16. Bf1 Bd7 17. Ne4 Be8 18. g3 Nd5 19. Ne5 Rac8 20. Qc5 Qc7 21. Nd3 b6 22. Qa3 Qd7 23. Rc4 Bf8 24. Qa2 Qe7 25. b3 Bg7 26. Qd2 Kh8 27. Qc1 Kh7 28. Bg2 Kg8 29. Rc2 Kh7 30. h4 Rb8 31. Kh2 Kg8 1/2-1/2

[Event "RA-2019-0-00620"]
[Site "LSS email"]
[Date "2019.04.01"]
[Round "?"]
[White "Bubnov, Vladimir"]
[Black "Csernus, Robert"]
[Result "1-0"]
[WhiteElo "2262"]
[BlackElo "2045"]
[PlyCount "63"]
[EventDate "2019.02.22"]
[EventType "tourn (corr)"]
[EventRounds "6"]
[EventCountry "GER"]
[SourceTitle "Corr 2022"]
[Source "ChessBase"]
[SourceDate "2021.10.24"]
[SourceVersion "1"]
[SourceVersionDate "2021.10.24"]
[SourceQuality "1"]

1. d4 d5 2. Bf4 Nf6 3. e3 c5 4. c3 Nc6 5. Nd2 Bf5 6. Ngf3 e6 7. Be2 Qb6 8. Qb3 c4 9. Qxb6 axb6 10. a3 b5 11. 0-0 Be7 12. Rfe1 0-0 13. Nh4 Bc2 14. Rac1 Bd3 15. Bxd3 cxd3 16. Bg5 Na5 17. Bxf6 gxf6 18. Red1 Nc4 19. Rb1 e5 20. Nf5 Bd8 21. e4 Nxd2 22. Rxd2 dxe4 23. f3 exf3 24. Rxd3 fxg2 25. Kxg2 Bb6 26. Re1 Rae8 27. dxe5 Re6 28. Rd7 fxe5 29. Kf3 Rd8 30. Rxb7 Kf8 31. Re4 Rd3+ 32. Ke2 1-0

[Event "RA-2019-0-00620"]
[Site "LSS email"]
[Date "2019.04.01"]
[Round "?"]
[White "Bubnov, Vladimir"]
[Black "Ploscaru, Stelian"]
[Result "1/2-1/2"]
[WhiteElo "2262"]
[BlackElo "2206"]
[PlyCount "120"]
[EventDate "2019.02.22"]
[EventType "tourn (corr)"]
[EventRounds "6"]
[EventCountry "GER"]
[SourceTitle "Corr 2022"]
[Source "ChessBase"]
[SourceDate "2021.10.24"]
[SourceVersion "1"]
[SourceVersionDate "2021.10.24"]
[SourceQuality "1"]

1. d4 d5 2. Bf4 Nf6 3. e3 c5 4. Nd2 e6 5. Ngf3 Nc6 6. c3 Bd6 7. Bg3 0-0 8. Bb5 Bxg3 9. hxg3 cxd4 10. exd4 Qb6 11. Qb3 Qc7 12. 0-0 Bd7 13. Bd3 a5 14. Rfe1 h6 15. a4 Rae8 16. Nf1 Re7 17. Ne3 Rb8 18. Ne5 Nxe5 19. dxe5 Ne4 20. Bxe4 dxe4 21. Nc4 b5 22. axb5 Bxb5 23. Nxa5 Bd3 24. Qa3 Rd7 25. b4 Ra8 26. Qa4 Ra7 27. Rac1 Qxe5 28. Qb3 Ra8 29. c4 Qc7 30. Qb2 e5 31. c5 Rd4 32. Qb3 Rb8 33. Nc4 Qxc5 34. bxc5 Rxb3 35. Ne3 Rb7 36. c6 Rc7 37. Rc5 f6 38. Ra1 h5 39. Nd5 Rxd5 40. Rxd5 Rxc6 41. Ra7 Rc1+ 42. Kh2 Kh7 43. Rdd7 Kh6 44. Rxg7 Rc2 45. Rh7+ Kg6 46. Rag7+ Kf5 47. Rxh5+ Ke6 48. g4 Rxf2 49. Rh3 Bf1 50. Kg1 Bxg2 51. Rhh7 Rb2 52. Rd7 f5 53. Rde7+ Kf6 54. Rhf7+ Kg5 55. Rxf5+ Kxg4 56. Rf2 Rxf2 57. Kxf2 Bf3 58. Rxe5 Kf4 59. Re8 Bg4 60. Rf8+ Bf5 1/2-1/2

[Event "RA-2019-0-00620"]
[Site "LSS email"]
[Date "2019.03.30"]
[Round "?"]
[White "Sorcinelli, Andrea"]
[Black "Bubnov, Vladimir"]
[Result "1/2-1/2"]
[WhiteElo "2002"]
[BlackElo "2262"]
[PlyCount "61"]
[EventDate "2019.02.22"]
[EventType "tourn (corr)"]
[EventRounds "6"]
[EventCountry "GER"]
[SourceTitle "Corr 2022"]
[Source "ChessBase"]
[SourceDate "2021.10.24"]
[SourceVersion "1"]
[SourceVersionDate "2021.10.24"]
[SourceQuality "1"]

1. e4 c5 2. Nf3 d6 3. d4 cxd4 4. Nxd4 Nf6 5. Nc3 a6 6. Be2 e6 7. Be3 Nc6 8. 0-0 Bd7 9. f4 Be7 10. Nb3 b5 11. a3 0-0 12. Qe1 b4 13. axb4 Nxb4 14. Bd1 a5 15. Nd4 Qc7 16. Qd2 Rfd8 17. Bf3 e5 18. Nf5 Bxf5 19. exf5 e4 20. Nxe4 Nxe4 21. Bxe4 d5 22. Bf3 Qxc2 23. Qxc2 Nxc2 24. Bb6 Nxa1 25. Bxd8 Bc5+ 26. Kh1 Rxd8 27. Rxa1 Bb6 28. Rc1 Be3 29. Ra1 Rc8 30. g3 Rc1+ 31. Rxc1 1/2-1/2

[Event "RA-2019-0-00615"]
[Site "LSS email"]
[Date "2019.02.17"]
[Round "?"]
[White "Bubnov, Vladimir"]
[Black "Almeraya, Eduardo"]
[Result "1/2-1/2"]
[WhiteElo "2262"]
[BlackElo "2275"]
[PlyCount "61"]
[EventDate "2019.01.04"]
[EventType "tourn (corr)"]
[EventRounds "6"]
[EventCountry "GER"]
[SourceTitle "Corr 2022"]
[Source "ChessBase"]
[SourceDate "2021.10.24"]
[SourceVersion "1"]
[SourceVersionDate "2021.10.24"]
[SourceQuality "1"]

1. d4 Nf6 2. Bf4 d5 3. e3 e6 4. c3 Bd6 5. Bg3 0-0 6. Nd2 c5 7. Ngf3 Qc7 8. dxc5 Qxc5 9. c4 Bxg3 10. hxg3 Qb6 11. Qc2 h6 12. Be2 Bd7 13. 0-0 Rc8 14. Rac1 Nc6 15. Rfe1 a5 16. cxd5 exd5 17. Qb3 Qa7 18. Qa3 d4 19. Nf1 Be6 20. Bc4 Bxc4 21. Rxc4 Qa6 22. Rec1 dxe3 23. Nxe3 Re8 24. Qb3 Rad8 25. a3 Ne4 26. Nf5 Nd6 27. Rf4 Qb5 28. Qxb5 Nxb5 29. Rg4 Kh8 30. Kf1 Nd6 31. N5d4 1/2-1/2

[Event "RA-2019-0-00615"]
[Site "LSS email"]
[Date "2019.02.17"]
[Round "?"]
[White "Wernikiewicz, Zbigniew"]
[Black "Bubnov, Vladimir"]
[Result "0-1"]
[WhiteElo "2255"]
[BlackElo "2262"]
[PlyCount "174"]
[EventDate "2019.01.04"]
[EventType "tourn (corr)"]
[EventRounds "6"]
[EventCountry "GER"]
[SourceTitle "Corr 2022"]
[Source "ChessBase"]
[SourceDate "2021.10.24"]
[SourceVersion "1"]
[SourceVersionDate "2021.10.24"]
[SourceQuality "1"]

1. e4 e5 2. Nf3 Nc6 3. Bc4 Nf6 4. Ng5 d5 5. exd5 Na5 6. Bb5+ c6 7. dxc6 bxc6 8. Bd3 Nd5 9. h4 Be7 10. Qf3 f5 11. Bxf5 Rf8 12. Qh5+ g6 13. Bxg6+ hxg6 14. Qxg6+ Kd7 15. d3 Kc7 16. Qe4 Qd6 17. Nc3 Nb7 18. Qa4 Nb6 19. Qe4 Nc5 20. Qe2 Bf5 21. Be3 Rab8 22. g4 Bc8 23. Nge4 Nxe4 24. Nxe4 Qe6 25. g5 Nd5 26. b3 Bb4+ 27. Bd2 Bxd2+ 28. Nxd2 Rf4 29. Nc4 Ba6 30. 0-0-0 Bxc4 31. dxc4 Nc3 32. Qe3 Nxd1 33. Qxa7+ Rb7 34. Qa5+ Kb8 35. Rxd1 Rd7 36. Re1 e4 37. Qb6+ Rb7 38. Qd8+ Qc8 39. Qd6+ Qc7 40. Qc5 Rxh4 41. Kb1 Qd7 42. Kc1 Rf4 43. Qe5+ Qc7 44. Qc5 Ka8 45. Rh1 Qc8 46. g6 Rf5 47. Qd4 Rf8 48. Qxe4 Rxf2 49. Qd4 Rf8 50. Qd6 Rd8 51. Qf6 Rg8 52. Re1 Rbg7 53. Re6 Kb7 54. c5 Rc7 55. Re4 Qh3 56. Rb4+ Kc8 57. g7 Qe3+ 58. Kb2 Qe7 59. Qf5+ Rd7 60. Rb6 Qxg7+ 61. Ka3 Qg6 62. Qe5 Ra7+ 63. Kb2 Rc7 64. a4 Qg7 65. Qxg7 Rgxg7 66. b4 Rg8 67. Kc3 Kd7 68. Kc4 Ra7 69. a5 Kc7 70. Kc3 Raa8 71. Kb3 Raf8 72. Kc3 Rg3+ 73. Kb2 Rg2 74. a6 Rb8 75. a7 Ra8 76. Ra6 Kb7 77. Rb6+ Kc7 78. Ra6 Rg6 79. Ra1 Kb7 80. Kb3 Rxa7 81. Rf1 Rg7 82. c3 Ra8 83. Rh1 Re8 84. Rd1 Reg8 85. Re1 Rh8 86. Re3 Rh1 87. Re2 Rb1+ 0-1

[Event "RA-2018-0-00594"]
[Site "LSS email"]
[Date "2018.08.21"]
[Round "?"]
[White "Bubnov, Vladimir"]
[Black "Koch, Christian"]
[Result "1/2-1/2"]
[WhiteElo "2260"]
[BlackElo "2298"]
[PlyCount "74"]
[EventDate "2018.07.30"]
[EventType "tourn (corr)"]
[EventRounds "6"]
[EventCountry "GER"]
[SourceTitle "Corr 2022"]
[Source "ChessBase"]
[SourceDate "2021.10.24"]
[SourceVersion "1"]
[SourceVersionDate "2021.10.24"]
[SourceQuality "1"]

1. e4 c5 2. Nc3 Nc6 3. Nf3 e5 4. Bc4 Be7 5. d3 d6 6. 0-0 Nf6 7. Ng5 0-0 8. f4 a6 9. a3 Bg4 10. Nf3 exf4 11. Bxf4 Nd4 12. Kh1 b5 13. Ba2 Kh8 14. Qd2 Nxf3 15. gxf3 Be6 16. Rg1 Qd7 17. Bg5 Rae8 18. f4 Bxa2 19. Rxa2 h6 20. Bxf6 Bxf6 21. Nd5 Bd4 22. Re1 f5 23. c3 Bf6 24. Raa1 Bh4 25. Re3 c4 26. Rd1 Qf7 27. Qg2 cxd3 28. exf5 Qxf5 29. Rexd3 Rf7 30. h3 g5 31. Rd4 Qh7 32. Rf1 h5 33. b3 g4 34. Qd2 Kg7 35. a4 bxa4 36. Rxa4 Qf5 37. Rd4 Kg8 1/2-1/2

[Event "RA-2018-0-00584"]
[Site "LSS email"]
[Date "2018.06.20"]
[Round "?"]
[White "Willmann, Bernd"]
[Black "Bubnov, Vladimir"]
[Result "1-0"]
[WhiteElo "2247"]
[BlackElo "2275"]
[PlyCount "89"]
[EventDate "2018.05.14"]
[EventType "tourn (corr)"]
[EventRounds "6"]
[EventCountry "GER"]
[SourceTitle "Corr 2022"]
[Source "ChessBase"]
[SourceDate "2021.10.24"]
[SourceVersion "1"]
[SourceVersionDate "2021.10.24"]
[SourceQuality "1"]

1. e4 e5 2. Nf3 Nc6 3. Bb5 a6 4. Bxc6 dxc6 5. 0-0 Qf6 6. d4 exd4 7. Bg5 Qd6 8. Nxd4 Be7 9. Be3 Nh6 10. Qd2 g5 11. h3 Qg6 12. Nc3 g4 13. Bxh6 gxh3 14. g3 Rg8 15. Kh2 Bd7 16. Nf5 Bxf5 17. exf5 Qxf5 18. Rae1 Rg6 19. Qf4 Qxf4 20. Bxf4 Rd8 21. Kxh3 Rd4 22. Bxc7 Rd2 23. Re2 Rxe2 24. Nxe2 Bd6 25. Bxd6 Rxd6 26. Nc3 c5 27. Re1+ Kf8 28. Kg4 Rb6 29. b3 c4 30. Nd5 Rc6 31. b4 Kg7 32. a4 Rg6+ 33. Kf4 Rh6 34. g4 Rd6 35. Re5 b6 36. g5 h6 37. gxh6+ Rxh6 38. c3 Rh2 39. f3 Rc2 40. Kf5 Rd2 41. Nxb6 Rd3 42. Nd5 Rxf3+ 43. Ke4 Rf2 44. Kd4 Rh2 45. Kxc4 1-0

[Event "RA-2018-0-00570"]
[Site "LSS email"]
[Date "2018.03.19"]
[Round "?"]
[White "Maur, Rainer"]
[Black "Bubnov, Vladimir"]
[Result "1/2-1/2"]
[WhiteElo "2261"]
[BlackElo "2265"]
[PlyCount "61"]
[EventDate "2018.03.06"]
[EventType "tourn (corr)"]
[EventRounds "6"]
[EventCountry "GER"]
[SourceTitle "Corr 2022"]
[Source "ChessBase"]
[SourceDate "2021.10.24"]
[SourceVersion "1"]
[SourceVersionDate "2021.10.24"]
[SourceQuality "1"]

1. d4 d5 2. c4 e6 3. Nf3 Nf6 4. Nc3 Be7 5. Bf4 0-0 6. e3 Nbd7 7. c5 Ne4 8. Rc1 b6 9. c6 Nxc3 10. Rxc3 Nf6 11. a3 Ne4 12. Rc2 Bd6 13. Bd3 a5 14. Qe2 f6 15. 0-0 Kh8 16. Rd1 Qe8 17. Nd2 e5 18. Bxe4 dxe4 19. dxe5 fxe5 20. Bg3 Ba6 21. Nc4 Qe6 22. Rcc1 Rfd8 23. Re1 Bf8 24. Qc2 Rd5 25. Qxe4 Re8 26. h3 Bb5 27. Rc3 Rc5 28. Rec1 Bxc6 29. Qc2 Bb5 30. b4 Rxc4 31. Rxc4 1/2-1/2

[Event "RA-2018-0-00563"]
[Site "LSS email"]
[Date "2018.02.02"]
[Round "?"]
[White "Misericordia, Antonio"]
[Black "Bubnov, Vladimir"]
[Result "1/2-1/2"]
[WhiteElo "2347"]
[BlackElo "2260"]
[PlyCount "109"]
[EventDate "2018.01.05"]
[EventType "tourn (corr)"]
[EventRounds "6"]
[EventCountry "GER"]
[SourceTitle "Corr 2022"]
[Source "ChessBase"]
[SourceDate "2021.10.24"]
[SourceVersion "1"]
[SourceVersionDate "2021.10.24"]
[SourceQuality "1"]

1. e4 e5 2. Nf3 Nc6 3. Bc4 Bc5 4. 0-0 Nf6 5. d3 d6 6. c3 0-0 7. h3 a6 8. Re1 Ba7 9. Bb3 h6 10. Nbd2 Re8 11. Nf1 Be6 12. Bxe6 Rxe6 13. Qc2 d5 14. Be3 Bxe3 15. Nxe3 Qd7 16. Rad1 Rd8 17. b4 b5 18. a3 Rd6 19. Rc1 dxe4 20. dxe4 g6 21. c4 Nd4 22. Nxd4 exd4 23. Nd5 bxc4 24. Nxf6+ Rxf6 25. Qxc4 d3 26. Red1 d2 27. Rc2 Rd6 28. Qxc7 Qe8 29. f3 Qb5 30. Qc4 Qe5 31. Qc5 Qf4 32. Kf2 Qh4+ 33. Ke2 Qg3 34. Kf1 Qf4 35. Kf2 Qh4+ 36. Ke2 Qg3 37. Qf2 Qf4 38. Kf1 Rd3 39. a4 Qd6 40. Qc5 Qf4 41. Rc3 R3d4 42. Kg1 Qg3 43. Re3 h5 44. Re2 Qf4 45. b5 Rxa4 46. b6 Ra1 47. Rxa1 d1Q+ 48. Rxd1 Rxd1+ 49. Kf2 Qh4+ 50. Ke3 Rb1 51. Rc2 Qe1+ 52. Kf4 Qh4+ 53. Ke3 Qe1+ 54. Kf4 Qh4+ 55. Ke3 1/2-1/2

[Event "RA-2018-0-00563"]
[Site "LSS email"]
[Date "2018.01.31"]
[Round "?"]
[White "Bubnov, Vladimir"]
[Black "Husemann, Andreas"]
[Result "1/2-1/2"]
[WhiteElo "2260"]
[BlackElo "2224"]
[PlyCount "72"]
[EventDate "2018.01.05"]
[EventType "tourn (corr)"]
[EventRounds "6"]
[EventCountry "GER"]
[SourceTitle "Corr 2022"]
[Source "ChessBase"]
[SourceDate "2021.10.24"]
[SourceVersion "1"]
[SourceVersionDate "2021.10.24"]
[SourceQuality "1"]

1. d4 Nf6 2. c4 g6 3. Nc3 d5 4. cxd5 Nxd5 5. e4 Nxc3 6. bxc3 Bg7 7. Nf3 c5 8. Be3 Nc6 9. Rc1 cxd4 10. cxd4 0-0 11. d5 Ne5 12. Nxe5 Bxe5 13. Bc4 b5 14. Bb3 a5 15. 0-0 a4 16. Bc2 e6 17. f4 Bg7 18. d6 e5 19. f5 Ra6 20. Bc5 Bh6 21. Rb1 Bd7 22. Bd3 Rc6 23. Bb4 Bf4 24. Qf3 Kh8 25. g3 Bh6 26. Kg2 Qb6 27. fxg6 hxg6 28. a3 f6 29. Rbe1 Rcc8 30. Qe2 Kg7 31. h3 Rh8 32. h4 g5 33. h5 g4 34. Qf2 Qxf2+ 35. Kxf2 Bg5 36. Rh1 Bc6 1/2-1/2

[Event "RA-2017-0-00555"]
[Site "LSS email"]
[Date "2017.12.15"]
[Round "?"]
[White "Bubnov, Vladimir"]
[Black "Eman, Juan"]
[Result "1/2-1/2"]
[WhiteElo "2259"]
[BlackElo "2222"]
[PlyCount "72"]
[EventDate "2017.11.13"]
[EventType "tourn (corr)"]
[EventRounds "6"]
[EventCountry "GER"]
[SourceTitle "Corr 2022"]
[Source "ChessBase"]
[SourceDate "2021.10.24"]
[SourceVersion "1"]
[SourceVersionDate "2021.10.24"]
[SourceQuality "1"]

1. d4 Nf6 2. c4 e6 3. Nf3 d5 4. Nc3 c6 5. Bg5 h6 6. Bxf6 Qxf6 7. Qb3 a5 8. e3 Nd7 9. Bd3 Bd6 10. 0-0 0-0 11. Rfe1 Bc7 12. Rad1 dxc4 13. Qxc4 e5 14. d5 Nb6 15. Qc5 Nd7 16. Qa3 Bd6 17. Qb3 Nc5 18. Qc2 Nxd3 19. Rxd3 Qe7 20. e4 Rd8 21. Red1 Bd7 22. h3 c5 23. Nd2 a4 24. Nc4 b5 25. Nxd6 Qxd6 26. Nb1 f5 27. Rc3 b4 28. Rc4 fxe4 29. Nd2 e3 30. fxe3 Qxd5 31. Nf3 Qe6 32. Rxc5 Qxa2 33. Nxe5 Be6 34. Rxd8+ Rxd8 35. Qg6 Qb3 36. Kh2 Rf8 1/2-1/2

[Event "RA-2017-0-00547"]
[Site "LSS email"]
[Date "2017.11.01"]
[Round "?"]
[White "Kovalenko, Igor"]
[Black "Bubnov, Vladimir"]
[Result "1/2-1/2"]
[WhiteElo "2313"]
[BlackElo "2259"]
[PlyCount "51"]
[EventDate "2017.10.17"]
[EventType "tourn (corr)"]
[EventRounds "6"]
[EventCountry "GER"]
[SourceTitle "Corr 2022"]
[Source "ChessBase"]
[SourceDate "2021.10.24"]
[SourceVersion "1"]
[SourceVersionDate "2021.10.24"]
[SourceQuality "1"]

1. e4 e5 2. Nf3 Nc6 3. Bb5 a6 4. Ba4 Nf6 5. 0-0 b5 6. Bb3 Bc5 7. c3 d6 8. d4 Bb6 9. a4 Rb8 10. Na3 0-0 11. axb5 axb5 12. Nxb5 Bg4 13. Re1 Bxf3 14. gxf3 Nh5 15. Kh1 Ne7 16. dxe5 dxe5 17. Qxd8 Rfxd8 18. Rd1 Nf4 19. Be3 Neg6 20. Rxd8+ Rxd8 21. Bd5 h5 22. c4 Nd3 23. Kg1 Rb8 24. b3 Ngf4 25. Kf1 g5 26. Ra2 1/2-1/2

[Event "RA-2017-0-00535"]
[Site "LSS email"]
[Date "2017.08.29"]
[Round "?"]
[White "Bubnov, Vladimir"]
[Black "Cirulis, Ilmars"]
[Result "1/2-1/2"]
[WhiteElo "2261"]
[BlackElo "2175"]
[PlyCount "70"]
[EventDate "2017.08.07"]
[EventType "tourn (corr)"]
[EventRounds "6"]
[EventCountry "GER"]
[SourceTitle "Corr 2022"]
[Source "ChessBase"]
[SourceDate "2021.10.24"]
[SourceVersion "1"]
[SourceVersionDate "2021.10.24"]
[SourceQuality "1"]

1. d4 e6 2. c4 b6 3. Nf3 Bb7 4. Nc3 f5 5. g3 Nf6 6. Bg2 Bb4 7. 0-0 Bxc3 8. bxc3 0-0 9. d5 Na6 10. Ba3 Re8 11. Nd4 Nc5 12. Bxc5 bxc5 13. Nb3 d6 14. Na5 Rb8 15. Nxb7 Rxb7 16. dxe6 Rb2 17. Rb1 Rxa2 18. Rb7 Qc8 19. Qb1 Rxe2 20. Bd5 c6 21. Bf3 R2xe6 22. Rxa7 R6e7 23. Rxe7 Rxe7 24. Rd1 Re6 25. Kg2 Ne4 26. Qb6 g5 27. h3 Qe8 28. Ra1 g4 29. hxg4 fxg4 30. Bxg4 Rf6 31. Ra2 h5 32. Qb7 Rxf2+ 33. Rxf2 Nxf2 34. Bxh5 Qxh5 35. Kxf2 Qf7+ 1/2-1/2

[Event "RA-2017-0-00530"]
[Site "LSS email"]
[Date "2017.08.02"]
[Round "?"]
[White "Bubnov, Vladimir"]
[Black "Corti, Horacio"]
[Result "1/2-1/2"]
[WhiteElo "2261"]
[BlackElo "2333"]
[PlyCount "67"]
[EventDate "2017.06.28"]
[EventType "tourn (corr)"]
[EventRounds "6"]
[EventCountry "GER"]
[SourceTitle "Corr 2022"]
[Source "ChessBase"]
[SourceDate "2021.10.24"]
[SourceVersion "1"]
[SourceVersionDate "2021.10.24"]
[SourceQuality "1"]

1. d4 Nf6 2. c4 e6 3. Nf3 b6 4. a3 Bb7 5. Nc3 d5 6. Qc2 dxc4 7. e4 c5 8. Bf4 a6 9. Bxc4 b5 10. Bd3 cxd4 11. Rd1 dxc3 12. Bxb5+ Nbd7 13. Bxd7+ Nxd7 14. Ne5 cxb2 15. Rxd7 Qa5+ 16. Rd2 Qb5 17. Qxb2 Bxe4 18. f3 Bd5 19. Qa1 Qa4 20. Nd3 Qxa3 21. Qd4 Rd8 22. 0-0 Bxf3 23. Qa7 Bd5 24. Bd6 Rxd6 25. Rc2 e5 26. Rc8+ Rd8 27. Nxe5 Qe7 28. Rxd8+ Qxd8 29. Nxf7 Qc8 30. Qe3+ Be6 31. Rc1 Qxc1+ 32. Qxc1 Bxf7 33. Qc6+ Kd8 34. Qa8+ 1/2-1/2